Moderné prístupy k manažmentu podniku = Modern Approaches to Corporate Management : Zborník príspevkov z 15.medzinárodnej vedeckej konferencie

Gespeichert in:
Bibliographische Detailangaben
Körperschaft: Medzinárodná vedecká konferencia Bratislava
Format: Tagungsbericht Buch
Sprache:Mehrsprachig
Veröffentlicht: Bratislava : STU v Bratislave, 2005
Schlagworte:
Tags: Tag hinzufügen
Keine Tags, Fügen Sie das erste Tag hinzu!

MARC

LEADER 00000nam a22000003a 4500
001 stu97142
005 20150408162754.8
008 051108s2005----xo------------------mul-d
020 |a 80-227-2284-7 
040 |a STU  |b slo 
041 0 |a mul 
044 |a xo 
080 |a 65 
080 |a (063) 
111 2 |a Medzinárodná vedecká konferencia  |n (15. :  |d 8.-9.9.2005 :  |c Bratislava) 
245 |a Moderné prístupy k manažmentu podniku = Modern Approaches to Corporate Management :  |b Zborník príspevkov z 15.medzinárodnej vedeckej konferencie 
260 |a Bratislava :  |b STU v Bratislave,  |c 2005 
300 |a 1 CD 
650 7 |a podnikový manažment  |2 stusub 
996 |b 284M063526  |c M*CD-726  |l MMKN  |s A  |a 24  |w stu97142_0001 
996 |b 284M063527  |c M*CD-727  |l MMKN  |s A  |a 24  |w stu97142_0002 
996 |b 284M063528  |c M*CD-728  |l MMKN  |s A  |a 24  |w stu97142_0003